| 000 | 00624nam a2200205 a 4500 | ||
|---|---|---|---|
| 003 | CBULib | ||
| 005 | 20241106090924.0 | ||
| 008 | 241106b |||||||| |||| 00| 0 eng d | ||
| 040 |
_aCBULib _bEnglish _cCBULib _erda |
||
| 050 | _aQ 180.55 .M4 Ole | ||
| 100 |
_94013 _aO'Leary, Zina |
||
| 245 |
_aThe essential guide to doing your research project _c/ by Zina O'Leary |
||
| 260 |
_aLos Angeles : _bSage, _c2011 |
||
| 300 | _aX, 308 pages : illustrations | ||
| 336 |
_2rdacontent _aText | _btxt |
||
| 337 |
_2rdamedia _aUnmediated | _bn |
||
| 338 |
_2rdacarrier _aVolume _bnc |
||
| 650 | 0 |
_92879 _aRESEARCH |
|
| 942 |
_2lcc _c002 |
||
| 999 |
_c62801 _d62801 |
||